000 00270nam a22001217a 4500
008 140207t xxu||||| |||| 00| 0 eng d
020 _a0-07-059396-5
100 _aPaul B. Horton
_9688
245 _aSociology
250 _asixth edition
300 _a635
942 _2ddc
_cBK
999 _c16947
_d16947